书目信息 |
| 题名: |
有机分析
|
|
| 作者: | ;上海市化学工业学校 编 | |
| 分册: | ||
| 出版信息: | 北京 化学工业出版社 1966 |
|
| 页数: | 125页 | |
| 开本: | 19cm | |
| 丛书名: | ||
| 单 册: | ||
| 中图分类: | O656 | |
| 科图分类: | ||
| 主题词: | 有机分析--实验--专业学校--教材 | |
| 电子资源: | ||
| ISBN: | ||
| 000 | 00667nam0 2200217 45 | |
| 001 | 0193002800 | |
| 005 | 20060427142859.57 | |
| 010 | @dCNY0.55 | |
| 100 | @a19930115d1966 em y0chiy0121 ea | |
| 101 | 0 | @achi |
| 102 | @aCN@b110000 | |
| 105 | @ay z 000yy | |
| 200 | 10 | @a有机分析@Ayou ji fen xi@f上海市化学工业学校等编@Fshang hai shi hua xue gong ye xue xiao deng bian |
| 210 | @a北京@c化学工业出版社@d1966 | |
| 215 | @a125页@d19cm | |
| 300 | @a中等专业学校教材 | |
| 606 | @a有机分析@x实验@x专业学校@x教材 | |
| 690 | @aO656@v4 | |
| 711 | 0 | @a上海市化学工业学校@Ashang hai shi hua xue gong ye xue xiao@4编 |
| 801 | 0 | @aCN@bTSSF@c20060427 |
| 905 | @a10447@dO656@e1 | |
| 有机分析/上海市化学工业学校等编.-北京:化学工业出版社,1966 |
| 125页;19cm |
| 中等专业学校教材 |
| ISBN :CNY0.55 |
| ● |
| 相关链接 |
|
|
|
|
正题名:有机分析
索取号:O656/1
 
预约/预借
| 序号 | 登录号 | 条形码 | 馆藏地/架位号 | 状态 | 备注 |
| 1 | 0016606 | 202297273 | 密集书库/ [索取号:O656/1] | 在馆 |